000 00243nam a22000977a 4500
100 _aRoy,Dr. M.N.
_980065
245 _aTextbook of Rural Sociology
260 _aNew Delhi
_bOmega Publication
_c2017
650 _aSocial Science
_980066
942 _cBK
999 _c63558
_d63558